Handbook of Horticulture Volume-2 (Record no. 3201)

MARC details
000 -LEADER
fixed length control field 00263nam a22001217a 4500
041 ## - LANGUAGE CODE
Language code of text/sound track or separate title ENG
100 ## - MAIN ENTRY--PERSONAL NAME
Personal name ICAR
245 ## - TITLE STATEMENT
Title Handbook of Horticulture Volume-2
260 ## - PUBLICATION, DISTRIBUTION, ETC. (IMPRINT)
Place of publication, distribution, etc New Delhi
Name of publisher, distributor, etc ICAR
Date of publication, distribution, etc 2019
300 ## - PHYSICAL DESCRIPTION
Extent 1218
650 ## - SUBJECT ADDED ENTRY--TOPICAL TERM
Topical term or geographic name as entry element Horticulture
856 ## - ELECTRONIC LOCATION AND ACCESS
Uniform Resource Identifier Horticulture
Holdings
Withdrawn status Lost status Source of classification or shelving scheme Damaged status Not for loan Home library Current library Shelving location Date acquired Cost, normal purchase price Total Checkouts Barcode Date last seen Price effective from Koha item type
    Dewey Decimal Classification     College of Agricultural Engineering and Technology, Dapoli , Library College of Agricultural Engineering and Technology, Dapoli , Library Book Cart 17/08/2022 2000.00   008004 17/08/2022 17/08/2022 Books

Contact Us: College of Agricultural Engineering and Technology, Dapoli, Dist.- Ratnagiri
Website: https://dbskkv.org Email: caetlibrary2015@gmail.com